Catalog

Record Details

Catalog Search



Leave it as it is : a journey through Theodore ... Read More

Available copies

  • 2 of 2 copies available at LARL/NWRL Consortium. (Show)
  • 1 of 1 copy available at Northwest Regional Library.

Current holds

0 current holds with 2 total copies.

Show Only Available Copies
Location Call Number / Copy Notes Barcode Shelving Location Status Due Date
Roseau Public Library 333.7831 GES (Text) 35500006329054 Main Available -

Record details

  • ISBN: 9781982105044
  • ISBN: 1982105046
  • ISBN: 9781982105051
  • ISBN: 1982105054
  • Physical Description: 338 pages : illustrations, maps ; 24cm
  • Edition: First Simon & Schuster Hardcover Edition.
  • Publisher: New York : Simon & Schuster, 2020.

Content descriptions

Bibliography, etc. Note:
Includes bibliographical references and index.
Formatted Contents Note:
Prelude: Theodore on the edge -- Chapter 1: Into ... Read More
Summary, etc.:
"An urgent call to protect America's public lands, ... Read More
Subject: Environmentalism > United States > History.
National parks and reserves > United States > History.
Nature conservation > United States > History.
Forest conservation > United States > History.
Conservation of natural resources > United States > History.
Gessner, David, 1961- > Travel.
Roosevelt, Theodore, 1858-1919 > Travel > California > Yosemite Valley.
Gessner, David, 1961-
Roosevelt, Theodore, 1858-1919.
Conservation of natural resources.
Environmentalism.
Forest conservation.
National parks and reserves.
Nature conservation.
Travel.
California > Yosemite Valley.
United States.
Genre: History.
LDR 03294cam a22006498i 4500
001338750
003LARL_NWRL_CONSORTIUM
00520200812150627.0
008191108t20202020nyuab b 001 0beng
010 . ‡a 2019051718
040 . ‡aDLC ‡beng ‡erda ‡cDLC ‡dOCLCO ‡dOCLCF ‡dCLE
020 . ‡a9781982105044 ‡q(Hardcover)
020 . ‡a1982105046
020 . ‡a9781982105051 ‡q(Paperback)
020 . ‡a1982105054
035 . ‡a(OCoLC)1124513336
042 . ‡apcc
043 . ‡an-us---
08200. ‡a333.78/3160973 ‡223
1001 . ‡aGessner, David, ‡d1961- ‡eauthor. ‡0(LARL_NWRL_CONSORTIUM)121765
24510. ‡aLeave it as it is : ‡ba journey through Theodore Roosevelt's American wilderness / ‡cby David Gessner.
24630. ‡aJourney through Theodore Roosevelt's American wilderness
250 . ‡aFirst Simon & Schuster Hardcover Edition.
264 1. ‡aNew York : ‡bSimon & Schuster, ‡c2020.
264 4. ‡c© 2020
300 . ‡a338 pages : ‡billustrations, maps ; ‡c24cm
336 . ‡atext ‡btxt ‡2rdacontent
337 . ‡aunmediated ‡bn ‡2rdamedia
338 . ‡avolume ‡bnc ‡2rdacarrier
504 . ‡aIncludes bibliographical references and index.
5050 . ‡aPrelude: Theodore on the edge -- Chapter 1: Into the badlands -- Chapter 2: Teddyland -- Interlude: Theodore absorbed -- Chapter 3: Complicated nature -- Chapter 4: The cowboy problem -- Interlude: The Yosemite Summit -- Chapter 5: Monumental -- Chapter 6: Confluence -- Interlude: Theodore descends -- Chapter 7: Under siege -- Chapter 8: Fight and flight -- Postlude: The West from above.
520 . ‡a"An urgent call to protect America's public lands, told through New York Times bestselling author David Gessner's American road trip with our greatest conservationist, Theodore Roosevelt, as his guide"-- ‡cProvided by publisher.
650 0. ‡aEnvironmentalism ‡zUnited States ‡xHistory.
650 0. ‡aNational parks and reserves ‡zUnited States ‡xHistory. ‡0(LARL_NWRL_CONSORTIUM)173606
650 0. ‡aNature conservation ‡zUnited States ‡xHistory. ‡0(LARL_NWRL_CONSORTIUM)173607
650 0. ‡aForest conservation ‡zUnited States ‡xHistory.
650 0. ‡aConservation of natural resources ‡zUnited States ‡xHistory. ‡0(LARL_NWRL_CONSORTIUM)171614
60010. ‡aGessner, David, ‡d1961- ‡xTravel.
60010. ‡aRoosevelt, Theodore, ‡d1858-1919 ‡xTravel ‡zCalifornia ‡zYosemite Valley.
60017. ‡aGessner, David, ‡d1961- ‡2fast ‡0(LARL_NWRL_CONSORTIUM)121765
60017. ‡aRoosevelt, Theodore, ‡d1858-1919. ‡2fast ‡0(LARL_NWRL_CONSORTIUM)2063
650 7. ‡aConservation of natural resources. ‡2fast ‡0(LARL_NWRL_CONSORTIUM)176501
650 7. ‡aEnvironmentalism. ‡2fast ‡0(LARL_NWRL_CONSORTIUM)39153
650 7. ‡aForest conservation. ‡2fast ‡0(LARL_NWRL_CONSORTIUM)20602
650 7. ‡aNational parks and reserves. ‡2fast ‡0(LARL_NWRL_CONSORTIUM)26542
650 7. ‡aNature conservation. ‡2fast ‡0(LARL_NWRL_CONSORTIUM)26599
650 7. ‡aTravel. ‡2fast ‡0(LARL_NWRL_CONSORTIUM)178445
651 7. ‡aCalifornia ‡zYosemite Valley. ‡2fast
651 7. ‡aUnited States. ‡2fast ‡0(LARL_NWRL_CONSORTIUM)178480
655 7. ‡aHistory. ‡2fast
7102 . ‡aSimon and Schuster, Inc. ‡0(LARL_NWRL_CONSORTIUM)51610
77608. ‡iOnline version: ‡aGessner, David, ‡tLeave it as it is ‡dNew York : Simon & Schuster, 2020. ‡z9781982105068 ‡w(DLC) 2019051719
901 . ‡a338750 ‡bOCoLC ‡c338750 ‡tbiblio ‡soclc

Additional Resources